Classic data structures in Java

שמור ב:
מידע ביבליוגרפי
מחבר ראשי: Timothy Budd
פורמט: ספר
שפה:Undetermined
יצא לאור: Boston, MA Addison-Wesley Longman, Inc 2001
נושאים:
תגים: הוספת תג
אין תגיות, היה/י הראשונ/ה לתייג את הרשומה!
Thư viện lưu trữ: Trung tâm Học liệu Trường Đại học Cần Thơ
LEADER 00559nam a2200193Ia 4500
001 CTU_65699
008 210402s9999 xx 000 0 und d
020 |b 420000 
082 |a 005.133 
082 |b B927 
100 |a Timothy Budd 
245 0 |a Classic data structures in Java 
245 0 |c Timothy Budd 
260 |a Boston, MA 
260 |b Addison-Wesley Longman, Inc 
260 |c 2001 
650 |a java ( computer program language ),data structures ( computer science ) 
904 |i Minh 
980 |a Trung tâm Học liệu Trường Đại học Cần Thơ